01443nmm a2200445 a 4500003000900000005001700009008004100026020001800067040001300085245003900098260004100137300001100178504007000189650001900259650002800278650002500306653002300331653002500354653002300379653002200402700004900424700004700473700002500520700002500545700002700570700003400597700001800631700001900649700003400668700003300702700002600735700002500761700003200786700002900818700002100847700001900868700003100887700002700918700005200945AR-BaBNM20251128211750.0236020sc200 ||||||||||||||000 | spa|| a84-205-4162-1 cAR-BaBNM10aNuevas tecnologías y educación aMadridbPearson-Prentice Hallcc20040 a240 p. aContiene referencias bibliográficas al final de cada capítulo 4aALFABETIZACION 4aENSENANZA UNIVERSITARIA 4aTECNOLOGIA EDUCATIVA 0aNUEVAS TECNOLOGIAS 0aPROBLEMAS EDUCATIVOS 0aEDUCACION SUPERIOR 0aEDUCACION VIRTUAL1 aMartínez Sánchez, Franciscoecoordinador1 aPrendes Espinosa, María Pazecoordinador1 aArea Moreira, Manuel1 aBartolomé, Antonio1 aCabero Almenara, Julio1 aCebrián de la Serna, Manuel1 aDir, Peter J.1 aDorrego, Elena1 aEscudero Muñoz, Juan Manuel1 aGonzález Soto, Angel-Pío1 aKerckhove, Derrick de1 aPons, Juan de Pablos1 aRíoz Ariza, José Manuel1 aRomero Medina, Agustín1 aSalinas, Jesús1 aSilvio, José1 aVillar Angulo, Luis Miguel1 aViñao Frago, Antonio1 aRodríguez Diéguez, José Luiseprologuista